Ρομαντισμός

Αποθηκεύτηκε σε:
Λεπτομέρειες βιβλιογραφικής εγγραφής
Κύριος συγγραφέας: Brown, David Blayney
Μορφή: Βιβλίο
Γλώσσα:Greek
English
Δημοσίευση: Αθήνα : Καστανιώτης, c2004.
Σειρά:Τέχνη και ιδέες (Καστανιώτης)
Θέματα:
Ετικέτες: Προσθήκη ετικέτας
Δεν υπάρχουν, Καταχωρήστε ετικέτα πρώτοι!

MARC

LEADER 00000cam a2200000 a 4500
001 1/109673
008 160121s2004####gr | ||| |||||||gre||
020 |a 9600337691 
040 |a GR-MyUa  |b gre  |c GR-MyUa  |e AACR2 
041 1 |a gre  |h eng 
082 7 |a 709.0342   |2 (23)  
100 1 |a Brown, David Blayney. 
245 1 0 |a Ρομαντισμός /   |c Ντέιβιντ Μπλέινυ Μπράουν ; μετάφραση: Ιωάννα Βετσοπούλου.  
260 |a Αθήνα :   |b Καστανιώτης,   |c c2004.  
300 |a 447 σ. :   |b εικ. ;   |c 22 εκ.  
490 1 |a (Τέχνη και ιδέες / Καστανιώτης)  
504 |a Βιβλιογραφία: σ. 438-440. Ευρετήριο.  
650 0 |a Romanticism in art. 
650 0 |a Art, European  |y 19th century. 
650 0 |a Art, European  |y 18th century. 
765 0 8 |i Μετάφραση του:   |t Romanticism /  
830 0 |a Τέχνη και ιδέες (Καστανιώτης) 
852 |a INST  |b RHODES  |c EUDOXUS  |e 20180514  |h 709.0342 BRO  |p 005400040022  |q 005400040022  |t EDX  |y 0 
852 |a INST  |b SYROS  |c EUDOXUS  |e 20160121  |h 709.0342 BRO  |p 005500011855  |q 005500011855  |t EDX  |y 0 
920 |a Εύδοξος  |b Παραγγελία  |y Ρόδος-ΤΜΣ  |z 2018-04 
920 |a Εύδοξος  |b Παραγγελία  |y Σύρος-ΤΜΣΠΣ  |z 2016-01 
970 |a Κοντού  |b Παρασκευή  |z 21/01/2016